| 000 | 01019nam a2200241 a 4500 | ||
|---|---|---|---|
| 001 | 000025471 | ||
| 005 | 20200930023819.0 | ||
| 008 | 110216s1986 mx a r 000 0 spa d | ||
| 020 | _a9688580686 | ||
| 040 |
_aDO-SdBNP _bspa _cBNPHU |
||
| 041 | 1 | 7 |
_aspa _heng |
| 100 | 1 |
_aOuchi, William _952094 |
|
| 240 | 1 | 0 |
_aThe M-form society : how american teamwork can recapture the competitive. _lEspañol. |
| 245 | 1 | 0 |
_aSociedad M : _bmayor competividad a través del trabajo en equipo entre gobierno y empresas privadas / _cWilliam Ouchi ; traducción Francisco J. Calca Pellicer. |
| 260 |
_aMéxico, D. F. : _bFondo Educativo Interamericano, _c1986. |
||
| 300 |
_axvi, 299 p. : _bil., diagrs. ; _c24 cm. |
||
| 490 | 1 | _aLibros de interés general | |
| 500 | _aApéndices : p.221-287. | ||
| 504 | _aBibliografía | ||
| 534 |
_aTítulo original: _tThe M-form society : how american teamwork can recapture the competitive. |
||
| 700 | 1 |
_aCalca Pellicer, Francisco J. _etr. _952095 |
|
| 830 | 0 |
_aLibros de interés general _952096 |
|
| 999 |
_c24963 _d24963 |
||